Estatísticas para Os 15 principais países com mortes por Covid19 - 24 de novembro 2021

Clique aqui para jogar o quiz

Estatísticas Gerais

  • Esse quiz foi jogado 5 vezes
  • A pontuação média é 19 de 26

Estatísticas das Respostas

país% Correto
Brasil
100%
Colômbia
100%
Estados Unidos
100%
França
100%
Itália
100%
Reino Unido
100%
Rússia
100%
Alemanha
80%
Argentina
80%
Chéquia
80%
Índia
80%
Indonésia
80%
Irão
80%
México
80%
África do Sul
60%
Bósnia e Herzegovina
60%
Bulgária
60%
Croácia
60%
Eslováquia
60%
Geórgia
60%
Hungria
60%
Peru
60%
Romênia
60%
Armênia
40%
Lituânia
40%
Macedónia do Norte
40%

Distribuição das Pontuações

Percentil de Números Respondidos

Porcentagem de Pessoas com Cada Pontuação

Sua Pontuação Histórica

Você não jogou esse quiz